000 00369nam a2200157Ia 4500
008 230917s9999||||xx |||||||||||||| ||und||
020 _cRS60
040 _e19796
_aMAIN
041 _aEnglish
082 _a301.54 K527H
100 _aKhare, R S
245 0 _aHindu hearth and home
260 _aNew Delhi
_bVikas Publishing
_c1976
300 _a315 p.
942 _cBK
999 _c190026
_d190026